00919nam a22002297a 450000500170000001000150001702000230003202000260005503500140008103700130009508200160010810000150012424500880013926000420022727000510026930000200032050000400034094200300038099900190041095201280042995201320055720171031113156.0 aENG-121105 c550.00a8191060701 c550.00a9788191060706 aEN-104637 bDBAD/PUB a320.5310654 aUday Kumar aNaxalite movement :cby Uday Kumar ba biggest challenge to the internal security / aNew Delhi bLucky Internationalc2011 aG-68-B, Basement, Kalkaji,bNew Delhi e110019 a206p.c21cm(Hb) aIncludes bibliographical references 2ddccENh320.5310954mUDA c147002d147002 001040718NFICaDBADbBNd2017-10-31eDBAD/PUBg550.00l0o320.5310954 UDApEN-104637r2017-10-31 00:00:00t1v550.00yEN 001040718NFICaLbLd2025-02-11eDBADg795.00l0o320.5310954 UDApEN-127207r2025-02-11 00:00:00t1v795.00w2025-02-11yEN